000 01856nam a22002777a 4500
003 Uzh_bibl
008 260416b |||||||| |||| 00| 0 ukr d
020 _a978-966-02-5721-4
_c60.00
040 _bукр.
041 _2ukr
_aukr
080 _a030(477)
090 _a030(477)
_bЕ64
100 _a-
245 _aЕнциклопедія Сучасної України
_b10: З - Зор.
_cкорект. Т.Берзюк, І.Журило та ін; іл. Р.Кацалам; обкл. В.Єрмак. та ін.
_hТекст
260 _aКиїв
_bТОВ "Твори"
_c2010
300 _a711 с.
_bіл.
_fВ опр.
490 _vТом - 10
520 _aЕнциклопедія Сучасної України - перше багатотомне видання про Україну всіх вимірах від початку 20 століття до сьогодення. Енциклопедія подає цілісний образ новітньої України в подіях, інституціях, установах, родах діяльності, поняттях, особах. Охоплює всі сфери життя в Україна, відображає сучасні погляди на історичні події та постаті. У десятому томі подано 2759 гасел, 2269 чорно-білих та 353 кольорових ілюстрацій, 18 карт, 16 таблиць і 7 схеми.
521 _aДля широкого кола читачів
546 _aукр.
650 _aДовідкове видання
653 _aЕнциклопедія.
_aУкраїна
655 _aНауково-популярне видання
_vЕнциклопедія
700 _aІ.Дзюба, А.Жуковський, М.Железняк та ін.
942 _2udc
_cBK
999 _c17364
_d17364